000 00639cam a22002053a 4500
001 42447
003 PGUSA
005 20140828083948.0
008 130331s2013||||xxu|||||s|||||000 | eng d
040 _aPGUSA
_beng
042 _adc
100 1 _aDrake, Samuel Adams,
_d1833-1905
245 1 4 _aThe Heart of the White Mountains, Their Legend and Scenery :
_bTourist's Edition
_h[electronic resource] /
_cSamuel Adams Drake
260 _bProject Gutenberg,
_c2013
506 _aPublic domain in the USA.
516 _aElectronic text
830 0 _aProject Gutenberg
_v42447
856 4 0 _uhttp://www.gutenberg.org/ebooks/42447
942 _cEB
999 _c271699
_d271699